| 000 | 02364cam a22006134i 4500 | ||
|---|---|---|---|
| 003 | PE-LiUPU | ||
| 005 | 20250731170356.0 | ||
| 008 | 150617s1994 mx rb 000 0 spa d | ||
| 020 | _a9682447763 | ||
| 020 | _a9789682447761 | ||
| 035 | _a(Sirsi) i9789682447761 | ||
| 040 |
_aPE-LiUPU _bspa _cPE-LiUPU _dPE-LiUPU _erda |
||
| 049 | _aPRUA | ||
| 082 | 0 | 4 |
_a155.4 _bM12 _221 |
| 100 | 1 |
_aValadez Tamaya, Guido Macias, _eautor. |
|
| 245 | 1 | 0 |
_aIntroducción al desarrollo infantil : _bgénesis y estructura de las funciones mentales / _cGuido MaciasValadez Tamaya. |
| 264 | 1 |
_aMéxico : _bTrillas, _c1994. |
|
| 300 |
_a332 páginas ; _c20 centímetros |
||
| 336 |
_atext _2rdacontent |
||
| 337 |
_aunmediated _2rdamedia |
||
| 338 |
_avolume _2rdacarrier |
||
| 504 | _aIncluye bibliografía. | ||
| 505 | 0 | _aLa percepción -- El apego (vínculo) -- La inteligencia -- La atención y el sensorio -- La madre y sus respuestas recíprocas -- Origen de las funciones mentales (6-18) -- El yo y sus funciones -- El sí mismo -- La psicomotricidad -- El lenguaje -- La voluntad -- La conciencia como función mental -- El pensamiento -- La relajación de objetivo -- La imaginación -- La fantasia -- El sueño -- La memoria -- La conducta -- El afecto -- La relación entre las funciones mentales. | |
| 526 | _aSEG68 | ||
| 526 | _aSEG70 | ||
| 526 | _aSEG69 | ||
| 526 | _aSEG67 | ||
| 526 | _aSEG43 | ||
| 526 | _aP144 | ||
| 526 | _aP143 | ||
| 526 | _aP131 | ||
| 526 | _aP122 | ||
| 526 | _aP120 | ||
| 526 | _aP117 | ||
| 526 | _aP112 | ||
| 526 | _aP110 | ||
| 526 | _aP106 | ||
| 526 | _aP101 | ||
| 526 | _aP80 | ||
| 526 | _aP59 | ||
| 526 | _aP54 | ||
| 526 | _aP35 | ||
| 526 | _aP33 | ||
| 526 | _aP30 | ||
| 650 | 0 | 4 |
_aDesarrollo infantil. _91890 |
| 650 | 0 | 4 | _aPsicología infantil. |
| 910 |
_ajck _bjvq _cjck _d20150616 |
||
| 942 |
_2ddc _cBOOK |
||
| 949 |
_a155.4 M12 _wDEWEY _c1 _i36900 _d2016-5-8 _e2016-5-8 _lCCODEBUL1 _mBUL _n6 _r0 _sY _tBOOK _u2015-6-17 _xSALUD _zUNKNOWN _0COMPRA _o.STAFF. Colección Ciencias de la Salud |
||
| 994 |
_aC0 _bPEPRU |
||
| 596 | _a1 | ||
| 999 |
_a155.4 M12 _wDEWEY _c247 _i36900 _d247 _e2017-10-25 _f2021-11-3 _g4 _lCCODEBUL1 _mBUL _n8 _p17.12 _q3 _r0 _sY _tBOOK _u2015-6-17 _xSALUD _zUNKNOWN _0COMPRA _o.STAFF. Colección Ciencias de la Salud |
||
| 980 |
_81 _gALBERTO SANCHEZ Responsable de Automatización |
||